00346nam a2200133Ia 4500008004100000040001700041041001200058082001500070100001700085245004500102250001200147260004200159300001100201230917s9999||||xx |||||||||||||| ||und|| e134619aMAIN aEnglish a519.5 Y91I aYule, G Udny 0aIntroduction to the theory of statistics a4th ed. aNew DelhibUniversal Book Stallc1994 a701 p.